000 00585nam a2200241Ia 4500
003 OSt
005 20221005130742.0
006 a|||||r|||| 00| 0
007 ta
008 221004b |||||||| |||| 00| 0 tam d
024 _a52746
037 _cTextual
040 _aCRL
_cCRL
_btam
041 _2tam
_atam
082 _aW691, 31J0
100 _aVaithya Au.
_9638608
245 0 _aSamatharma villakum
260 _c1950
650 _a POLITICAL SCIENCE
650 _aDEMOCRACY
942 _hW691, 31J0
_cTEXL
_2cc
999 _c1058294
_d1058294